Normal view
MARC view
- تأليف الكركي خالد
Entry Personal Name
001 - CONTROL NUMBER
- control field: 23052
003 - CONTROL NUMBER IDENTIFIER
- control field: JO-AjAnu
005 - DATE AND TIME OF LATEST TRANSACTION
- control field: 20230606073953.0
008 - FIXED-LENGTH DATA ELEMENTS
- fixed length control field: 230606|| aca||aabn | a|a d
040 ## - CATALOGING SOURCE
- Original cataloging agency: JO-AjAnu
- Transcribing agency: JO-AjAnu
100 ## - HEADING--PERSONAL NAME
- Personal name: تأليف الكركي خالد
670 ## - SOURCE DATA FOUND
- Source citation: Work cat.: (JO-AjAnu)11847: تأليف الكركي خالد, author, الصائح المحكي صورة المتنبي في الشعر العربي الحديث: دراسة ومختارات